แสดงรายละเอียดบรรณานุกรม
  กลับหน้าหลัก

Brief Record : Get Marc (ISO 2709) : E-mail record : QR code ปิดหน้าต่าง
E-books : เกี่ยวกับ Collections
LEADER 00000nama 2200000uu 4500
008    040531s2546 th m m a000 0 tha d
020    974-9626-98-2
041    tha
050    WA100 ป615บ
100    สถาบันวิจัยระบบสุขภาพแห่งชาติ(สปรส) ปิติพร จันทรทัต ณ อยุธยา
245    บริการสาธารณสุขกับการแสวงหากำไรเชิงธุรกิจ
246    สุขภาพ บริการสาธารณสุข
250    1
260    กรุงเทพฯ พิมพ์ดี 2546
300    122 หน้า
650    ความเป็นมาเป็นไป,การทบทวนทางวิชาการ,บทความต่างๆและความห็นสาธราณะ,
998    2003-12-25
999    ^aใช้งานได้ทุกระบบ
รายการนี้ยังไม่มีแท็ก
คุณยังไม่ได้ล็อกอิน คุณสามารถมีกิจกรรมร่วมกับเว็บไซต์ได้ แต่ต้องล็อกอินก่อน ::
  ล็อกอิน
ลำดับที่ ประเภท เลขเรียก สถานที่ สถานะ
1. หนังสือทั่วไป
หนังสือทั่วไป
WA100 ป615บ 2546  
  
หนังสือทั่วไป On Shelf
  ขอยืม
   [แสดง 2/2 รายการ]

BibComment


ยังไม่เคยถูกคอมเมนท์

คอมเมนท์ทรัพยากรรายการนี้
  คอมเมนท์: บริการสาธารณสุขกั..
Bib 190071

 
 
 

 Union Library Management : ULibM
Copyright 2026. All Rights Reserved.
скачать бесплатно без регистрации порно красивый секс HD Sex Hindi sex

xxx gou

xxxx

bfxxx

xxxwww

Секса Видео

xxxx

Секса Видео

detube

geilexxx

C99 Shell

worms shell

blod xxx video
Ebony Coed Rihanna Rimes Takes A Dick In Her Young Twat priyaa indian fuck anal and pusssy hardcore indian women xxx desi hardcore fucking part 1 bengalixxxcouple